000
003110000a22001330004500
003
MACL
040
_a
MACL
090
_c
39625
_d
39623
100
_a
Boissier, Gaston
245
_a
Tacitus and other Roman Studies
260
_b
Archibald Constable & Co Ltd
_c
1906
650
_a
Literature
942
_c
BOOK
_k
800/BOI
999
_c
39193
_d
39193